000 00317 a2200157 4500
001 161886
020 _a
040 _cMagnum
100 _aMarise, Junia
240 1 0 _aLep, o rato mensageiro
_lpor
245 1 0 _aLep, o rato mensageiro
362 0 _a1899
440 1 _aLĂȘ
697 _aIJ/ANIMAIS
942 _cBK
999 _c161886
_d161886